Quizzes
Events
Quiz Creation
Community
Videos
Private Events
Remove Ads
Sign In
Join for FREE
Feedback
Dark Mode
Quiz Categories
Sports
Geography
Music
Movies
Television
Just For Fun
Miscellaneous
History
Literature
Language
Science
Gaming
Entertainment
Religion
Holiday
For Kids
Quiz Lab
Recent
Popular Today
Quiz Kudos Today
Editor Picks
Curator Picks
Quizzes by...
Day
Popularity
Type
Ratings
Length
Year
Community
Subscriptions
Recent Discussions
Orange Saloon
Badges
Playlists
Quests
Create
Leaderboards
Showdown
Live 5
Trivia Bingo
Activity
Puzzle Library
Sporcle Events
Private Events
Virtual Trivia
Globe League
Become a Host
Pub Owners
SporcleCon
Opinionation
Our Games
Videos
Blog
Mobile Apps
Partnerships
Remove Ads and Go Orange
Feedback
Geography
Country
Landmarks
City
State
Population
World
Capital
Continent
Flags
Europe
Africa
Asia
South America
North America
Oceania
Border
Canada
United Kingdom
Topography
United States
Geography
Country
Landmarks
City
State
Population
World
Capital
Continent
Flags
Europe
Africa
Asia
South America
North America
Oceania
Border
Canada
United Kingdom
Topography
United States
Random Quiz
Search Sporcle
×
Quiz Lab
Quiz Lab
Geography
United States
Click on regions of an image
Click on regions of an image
Picture Click
Best Score? Go Orange.
Click a Map: Berks County, PA Stats
Can you pick the municipalities of Berks County, PA?
By
fvs
8m
72 Questions
365 Plays
365 Plays
365 Plays
Comments
Comments
Give Quiz Kudos
Give Quiz Kudos
-
- Ratings
hide this ad
Forced Order
Answers have to be entered in order
Answers have to be entered in order
Replay
Link that replays current quiz
Next Quiz
Link to next quiz in quiz playlist
You Got
0%
They Got
Avg Score
66%
Avg Friend Score
Upgrade to see
Score Distribution
Jump to the score distribution portion of the page
Score
0/72
Timer
08:00
0
Plays Today
% Correct
Reading
76.8%
Sinking Spring
76.5%
South Heidelberg
76.2%
Upper Tulpehocken
76%
Centre
75.4%
North Heidelberg
75.4%
Spring
75.4%
Bethel
74.9%
Hamburg
74.3%
W. Reading
74.3%
Wyomissing
73.5%
Bern
72.4%
Albany
72.1%
Upper Bern
71.5%
Robesonia
71.3%
Heidelberg
71%
Womelsdorf
70.7%
Lower Heidelberg
70.7%
Kutztown
70.4%
Exeter
70.4%
Tulpehocken
70.2%
Bernville
69.9%
Centerport
69.9%
Douglass
69.6%
Cumru
69.3%
Alsace
69.1%
Muhlenberg
69.1%
Mt. Penn
68.8%
Shoemakersville
68.5%
Lower Alsace
68.2%
Tilden
68.2%
Birdsboro
67.7%
Leesport
67.7%
Boyertown
66.9%
Wernersville
66.6%
Shillington
66.3%
% Correct
Mohnton
66%
Fleetwood
65.7%
St. Lawrence
65.5%
Ontelaunee
65.5%
Oley
64.9%
Robeson
64.9%
Lyons
64.6%
Laureldale
64.4%
Longswamp
64.4%
Maidencreek
64.1%
New Morgan
63.8%
Perry
63.8%
Richmond
63.8%
Kenhorst
63.5%
Amity
63.5%
Caernarvon
63.5%
Jefferson
63.3%
Penn
63.3%
Maxatawny
63%
Bally
62.2%
Greenwich
62.2%
Ruscombmanor
61.9%
Marion
61.6%
Brecknock
61%
Windsor
61%
Lenhartsville
59.7%
Topton
59.7%
Colebrookdale
59.1%
Earl
57.5%
Rockland
57.2%
Hereford
55.8%
Union
55.2%
District
55%
Washington
54.7%
Bechtelsville
54.4%
Pike
53.3%
Quiz Playlist
Details
Report
Send in Message
Add To Playlist
Picture Click:
Click on regions of an image
Forced Order:
Answers have to be entered in order
Last Updated: Nov 13, 2019
Quiz Scoreboard
CHALLENGE
Sign Up to Join the Scoreboard
Show All
Scores
Hide
Comments
May contain spoilers
Recently Published
An Introduction to Baseball
by treessimontrees
Sports
5m
Movies - When Are They Set?
by FPL_Elf
Movies
5m
Popular People in 1961
by mucciniale
History
6m
More to Explore
Quiz From the Vault
Featured Blog Post
Where Did the Easter Bunny Come From?
hide this ad
You Might Also Like...
Tags
United States Quiz
Municipality
Pennsylvania
Pennsylvania Counties
Today's Top Quizzes in Geography
Browse Geography
hide this ad
Today's Top Quizzes in United States
Browse United States
Top Contributed Quizzes in Geography
1
Countries of the World - No Outlines Minefield
2
Top 25 Cities of France on a map
3
Closest Countries to UK A-Z
4
Any capital of a 'B' country per Continent
5
One Thing in Common: United Kingdom
6
Find the Provinces of Canada - No Outlines Minefield
7
Any capital of a 'C' country per Continent
8
Blind Secret Country CLXXXVIII
9
Find the US States - No Outlines
10
Any capital of a 'D' country per Continent
Explore More
Trending Topics
Kpop
Anime
Disney
NBA
Harry Potter
Crossword
Marvel
NFL
WWE
Country
Soccer
The Office
Song
Pokémon
Puzzle
hide this ad
More By:
fvs
Quiz
Plays
Rating
Category
Featured
Created
Click a Map: Lancaster County, PA
2,079
5.00
Geography
Sep 28, 2019
Click a Map: Chester County, PA
1,375
4.33
Geography
Sep 16, 2019
Click a Map: Essex County, MA
1,229
4.36
Geography
Jan 30, 2021
Click a Map: Montgomery County, PA
696
4.83
Geography
Sep 12, 2019
Click a Map: Delaware County, PA
668
4.60
Geography
Sep 14, 2019
Go to Creator's Profile
Score Distribution
Quiz Creator Spotlight
fvs
Follow
Send a Message
Quizzes Created
-
Created Quiz Play Count
-
More By This Creator
Popular Quizzes Today
1
Find the Countries of Europe - No Outlines Minefield
2
Find the US States - No Outlines Minefield
3
The Countries of the World
4
Popular People in 1961
5
US States
6
Find the US States
7
1-10 Letter E Words III
8
Risky Map Clicking: Biggest States A-Z
More Geography Quizzes
5 to 1: Australia
Published
Trending Quizzes
Risky Map Clicking: Least Populous States A-Z
1-10 Letter F Words
1-10 Letter G Words
Not Quite an Element Typing Challenge
One Thing in Common: United Kingdom
Recently Updated
Leaping Animals
pecheneg
Reality TV Shows (A-Z)
bhenderson79
Rickey Henderson's Hall of Fame Teammates
pecheneg
Champions League XIs: Arsenal
pecheneg
Quick Pick: Celebrities in WWE's Hall of Fame
aduchscher
A-Z Keypad Blitz II
pecheneg
Multiple Oscar Actors
pecheneg
Mystery Phrase Blitz: Oscar 'Best Actors'
pecheneg
F. Scott Fitzgerald Novels
LTH
Pick 3 Villains
ddd62291
Trending Topics
Anime
Marvel
Harry Potter
Disney
Crossword
Kpop
NBA
NFL
Song
WWE
Puzzle
The Office
Pokémon
Soccer
Country
Your Account Isn't Verified!
In order to create a playlist on Sporcle, you need to verify the email address you used during registration. Go to your
Sporcle Settings
to finish the process.
Report this User
Report this user for behavior that violates our
Community Guidelines
.
Details:
Send Report
Go to the Sporcle.com Mobile Site →
Comments